000 00762nab a2200217 uc4500
001 174076
005 20240926090106.0
008 980417e19900301 spa
035 _a174076
035 _a(OCoLC)819761693
040 _ccomduadb
041 _aspa
100 1 0 _aSmith Churchland, Patricia
_4aut
_eaut
_9488939
245 1 0 _aPodria pensar una maquina
650 7 _aInteligencia artificial
_2lemb
_939084
650 7 _aSimulación por computadores
_2lemb
_990929
650 7 _aRedes neurales (Computadores)
_2lemb
_9198995
700 1 0 _aChurchland, Paul M.
_4aut
_eaut
_9276432
773 0 _tInvestigación y Ciencia. Edición Española de Scientific American (Barcelona)
_gNúmero 162, Marzo 1990, p. 18-24
_w5406
_z0210136X
_03445
942 _cARIMP
999 _c176914
_d176914